| 000 | 01371nam a2200385Ii 4500 | ||
|---|---|---|---|
| 001 | DIGUNSABA0004 | ||
| 003 | NyNyDIG | ||
| 006 | m o d | ||
| 007 | cr ||||||||||| | ||
| 008 | 130701s2009 ck ob 000 0 spa d | ||
| 020 | _z9581202609 | ||
| 020 | _z9789581202607 | ||
| 035 | _a(OCoLC)664563789 | ||
| 040 |
_aDGITA _beng _epn _cDGITA |
||
| 050 | 1 | 4 | _aHD57.7 eBook |
| 100 | 1 | _aBarrera Duque, Ernesto. | |
| 245 | 1 | 3 |
_aUn directivo bañado en oro : _bun estilo humanístico y trascendente para la dirección y liderazgo / _cErnesto Barrera Duque. |
| 250 | _a1. ed. | ||
| 264 | 1 |
_aChía, Cundinamarca, Colombia : _bUniversidad de La Sabana : _bInalde, Escuela de Dirección y Negocios, _c2009. |
|
| 300 | _a1 online resource (215 pages) | ||
| 336 |
_atext _btxt _2rdacontent |
||
| 337 |
_acomputer _bc _2rdamedia |
||
| 338 |
_aonline resource _bcr _2rdacarrier |
||
| 500 | _a"Bonus article" -- Cover. | ||
| 504 | _aIncludes bibliographical references. | ||
| 650 | 0 | _aLeadership. | |
| 650 | 0 | _aExecutive ability. | |
| 650 | 0 | _aSuccess in business. | |
| 655 | 0 | _aElectronic books. | |
| 791 | 2 |
_aDigitalia (Firm), _edistributor. |
|
| 793 | 0 |
_gDigitalia eBook Collection: _aUniversidad de La Sabana. |
|
| 856 | 4 | 0 |
_3Digitalia Hispánica _uhttps://www.digitaliapublishing.com/a/18572/ |
| 910 | _aPremium Collection: 2007-2012 | ||
| 942 | _cRAA | ||
| 999 |
_c235921 _d235921 |
||